| 000 | 02059cam a2200457 a 4500 | ||
|---|---|---|---|
| 001 | 14418855 | ||
| 003 | BJBSDDR | ||
| 005 | 20240529155542.0 | ||
| 007 | ta | ||
| 008 | 060619s2006 enk 000 0 eng | ||
| 010 | _a 2006019946 | ||
| 015 |
_aGBA675262 _2bnb |
||
| 016 | 7 |
_a013542389 _2Uk |
|
| 020 | _a1844670996 | ||
| 020 | _a9781844670994 | ||
| 035 | _a(OCoLC)ocm70149276 | ||
| 040 |
_aDLC _cDLC _dBAKER _dGK8 _dUKM _dC#P _dDLC _beng |
||
| 041 | 1 |
_aeng _hfre |
|
| 043 | _ama----- | ||
| 050 | 1 | 4 |
_a403 DS 36.8 _bK19b 2006 |
| 082 | 0 | 0 | _a909/.0974927 |
| 100 | 1 |
_aKassir, Samir, _d1960-2005 _936342 |
|
| 240 | 1 | 0 |
_aConsidérations sur le malheur arabe. _lEnglish |
| 245 | 1 | 0 |
_aBeing Arab / _cSamir Kassir ; translated by Will Hobson ; with an introduction by Robert Fisk. |
| 260 |
_aLondon ; _aNew York : _bVerso, _c2006. |
||
| 300 |
_axiii, 96 pages ; _c21 cm. |
||
| 504 | _aIncludes bibliographical references and index. | ||
| 520 | _aOffering a discussion on the crisis in Arab identity, this book talks about it means to be alienated from one's roots, and how to trace back those lines of history. The author describes the state of Arab malaise, and searches to understand how the Arab world arrived at a point of political and intellectual stagnation. | ||
| 650 | 0 | _aCivilization, Arab. | |
| 650 | 4 |
_aCivilización árabe _919138 |
|
| 650 | 0 |
_aIslam and politics _zArab countries. |
|
| 650 | 4 |
_aIslamismo y política _zPaíses árabes _93660 |
|
| 700 | 1 |
_aHobson, Will _936343 _etranslator |
|
| 700 | 1 |
_aFisk, Robert, _d1946-2020 _936344 |
|
| 856 | 4 | 1 |
_3Table of contents _uhttp://www.loc.gov/catdir/toc/ecip0615/2006019946.html |
| 856 | 4 | 2 |
_3Contributor biographical information _uhttp://www.loc.gov/catdir/enhancements/fy1311/2006019946-b.html |
| 856 | 4 | 2 |
_3Publisher description _uhttp://www.loc.gov/catdir/enhancements/fy1311/2006019946-d.html |
| 906 |
_a7 _bcbc _corignew _d1 _eecip _f20 _gy-gencatlg |
||
| 942 |
_2lcc _cBK |
||
| 999 |
_c26580 _d26580 |
||